LEADER 02967nam 2200517z 450 001 9910829831003321 005 20230830165152.0 010 $a1-119-42575-1 010 $a1-119-42571-9 010 $a1-119-42576-X 024 7 $a10.1002/9781119425762 035 $a(CKB)4100000010870875 035 $a(MiAaPQ)EBC6199840 035 $a(JP-MeL)3000110882 035 $a(NjHacI)994100000010870875 035 $a(OCoLC)1156321092 035 $a(EXLCZ)994100000010870875 100 $a20220719d ||| || 135 $aurcnu|||||||| 181 $ctxt$2rdacontent 182 $cc$2rdamedia 183 $acr$2rdacarrier 200 00$aFundamentals of numerical mathematics for physicists and engineers /$fAlvaro Meseguer 210 $aHoboken, N.J.$cWiley$d2020 210 1$aHoboken, N.J. :$cWiley,$d2020. 215 $a1 online resource (403 pages) 300 $aIncludes bibliographical references (p. 369-371) and index 311 $a1-119-42567-0 320 $aIncludes bibliographical references (pages 369-371) and index. 327 $aSolution methods for scalar nonlinear equations -- Polynomial interpolation -- Numerical differentiation -- Numerical integration -- Numerical linear algebra -- Systems of nonlinear equations -- Numerical fourier analysis -- Ordinary differential equations. 330 $a"This book helps readers understand the mathematical and algorithmic elements that lie beneath numerical and computational methodologies in order to determine the suitability of certain methods for solving a given problem. This book is broken into two parts. Part I addresses the root finding of univariate trascendental equations, polynomial interpolation, numerical differentiation and numerical integration. Part II addresses slightly more advanced topics such as introductory numerical linear algebra, parameter dependent systems of nonlinear equations, approximation theory and ordinary differential equations (initial value problems and univariate boundary value problems). This book contains examples related to problems in classical mechanics, thermodynamics, electromagnetism and quantum physics. The author discusses Bisection method, computational cost, Barycentric interpolatory formula, Fixed point iteration method, and Linear Multistep Formulas (LMSF). Each section concludes with Matlab practicals and problem and exercise sets"--$cProvided by publisher. 606 $6880-03/$1$aNumerical analysis 606 $6880-04/$1$aMathematical physics 606 $6880-05/$1$aEngineering mathematics 615 0$aNumerical analysis 615 0$aMathematical physics 615 0$aEngineering mathematics 676 $a519.4 686 $a418.1$2njb/09 686 $a518$2njb/09 700 $aMeseguer$b Alvaro$01643855 801 1$bJP-MeL 906 $aBOOK 912 $a9910829831003321 996 $aFundamentals of numerical mathematics for physicists and engineers$93989352 997 $aUNINA LEADER 04843nam 2200661 450 001 9910808901103321 005 20230808202422.0 010 $a1-5231-1129-1 010 $a1-119-18505-X 010 $a1-119-18510-6 035 $a(CKB)3820000000019331 035 $a(EBL)4462543 035 $a(SSID)ssj0001638561 035 $a(PQKBManifestationID)16397030 035 $a(PQKBTitleCode)TC0001638561 035 $a(PQKBWorkID)14867561 035 $a(PQKB)10843843 035 $a(MiAaPQ)EBC4462543 035 $a(Au-PeEL)EBL4462543 035 $a(CaPaEBR)ebr11189934 035 $a(OCoLC)946261694 035 $a(EXLCZ)993820000000019331 100 $a20151231h20162016 uy| 0 101 0 $aeng 135 $aur|n|---||||| 181 $ctxt 182 $cc 183 $acr 200 00$aBiobased and environmental benign coatings /$fedited by Atul Tiwari, Anthony Galanis, and Mark D. Soucek 210 1$aSalem, Massachusetts :$cScrivener Publishing ;$aHoboken, New Jersey :$cJohn Wiley & Sons,$d[2016] 210 4$dİ2016 215 $a1 online resource (406 p.) 225 1 $aMaterials Degradation and Failure 300 $aDescription based upon print version of record. 311 $a1-119-18492-4 320 $aIncludes bibliographical references and index. 327 $aHalf Title page; Title page; Copyright page; Preface; Chapter 1: Novel Biobased Polymers for Coating Applications; 1.1 Introduction; 1.2 Polymers Based on Plant Oils; 1.3 Polymers Based on Cardanol; 1.4 Polymers Based on Eugenol; 1.5 Conclusion; Acknowledgments; Disclaimer; References; Chapter 2: Deposition of Environmentally Compliant Cerium-Containing Coatings and Primers on Copper-Containing Aluminium Aircraft Alloys; 2.1 Importance and Indispensability of the Corrosion-Protective Coating Layers; 2.2 Introduction to the Cerium Conversion Primer Layers 327 $a2.3 Elaboration of Hybrid and Composite Upper and Finishing Coating LayersAcknowledgment; References; Chapter 3: Ferrites as Non-Toxic Pigments for Eco-Friendly Corrosion Protection Coatings; 3.1 Introduction; 3.2 Crystalline Structure, Physicochemical Properties, and Inhibition Mechanism of Ferrites; 3.3 Methods for the Preparation of Ferrites; 3.4 Novel Types of Ferrite Pigments; 3.5 Ferrite-Based Multifunctional Coatings; 3.6 Conclusion; Acknowledgement; References; Chapter 4: Application of Edible Coatings on Fruits and Vegetables; 4.1 Introduction; 4.2 Coatings versus Films 327 $a4.3 Structural Matrix: Hydrocolloids and Lipids4.4 Application of Hydrocolloids Coatings; 4.5 Application of Lipid Coatings; 4.6 Application of Composite Coatings; 4.7 Addition of Active Compounds; 4.8 Nanotechnology; 4.9 Commercial Application of Edible Coatings; 4.10 Problems Associated with Edible Coatings; 4.11 Regulatory Status and Food Safety Issues; 4.12 Conclusions; References; Chapter 5: Development of Novel Biobased Epoxy Films with Aliphatic and Aromatic Amine Hardeners for the Partial Replacement of Bisphenol A in Primer Coatings; 5.1 Introduction 327 $a5.2 Recent Advances on Vegetable Oils Chemistry5.3 Control of the Epoxidation Reaction of Vegetable Oils; 5.4 Spectroscopy Characterization of Epoxidized Linseed Oil Cured with Amine Hardeners; 5.5 Thermal Properties of Epoxidized Linseed Oil Cured with Amine Hardeners; 5.6 Swelling, Wettability and Morphology of New Epoxy Films; 5.7 Mechanical Properties of Epoxidized Linseed Oil Cured with Amine Hardeners; 5.8 Applications of Vegetable Oils in Coatings; 5.9 Conclusions; Acknowledgments; References; Chapter 6: Silica-Based Sol-Gel Coatings: A Critical Perspective from a Practical Viewpoint 327 $a6.1 Introduction: Need for a Practical Perspective6.2 A Green, Simple Technology; 6.3 The Market; 6.4 Conclusions; Acknowledgements; References; Chapter 7: Fatty Acid-Based Waterborne Coatings; 7.1 Introduction; 7.2 Fatty Acids as Raw Materials; 7.3 Polymerization of Fatty Acid-Based Monomers in Aqueous Media; 7.4 Incorporation of Fatty Acid Derivatives in Waterborne Coatings; 7.5 Conclusion; References; Chapter 8: Environmentally Friendly Coatings; 8.1 Waterborne Coatings; 8.2 Seed Oil-Based Coatings; 8.3 Conclusion; References 327 $aChapter 9: Low-Temperature Aqueous Coatings for Solar Thermal Absorber Applications 410 0$aMaterials Degradation and Failure 606 $aCoatings 606 $aCoatings$xEnvironmental aspects 615 0$aCoatings. 615 0$aCoatings$xEnvironmental aspects. 676 $a667/.9 702 $aTiwari$b Atul 702 $aGalanis$b Anthony 702 $aSoucek$b Mark D. 801 0$bMiAaPQ 801 1$bMiAaPQ 801 2$bMiAaPQ 906 $aBOOK 912 $a9910808901103321 996 $aBiobased and environmental benign coatings$94041697 997 $aUNINA